| 000 | 00925nam a22002657a 4500 | ||
|---|---|---|---|
| 005 | 20110810094129.0 | ||
| 008 | 110810t xxu||||| |||| 00| 0 eng d | ||
| 010 | _aENG-103266 | ||
| 020 |
_c395.00 _a9788185234236 |
||
| 020 |
_c395.00 _a818523423x |
||
| 035 | _aEN-86799 | ||
| 037 | _bDBAD/PUB | ||
| 040 |
_aDPL _bEng |
||
| 082 | _a823.09 | ||
| 100 |
_931629 _aSharma, Krishana |
||
| 245 |
_aProtest in post-independence Indian English fiction / _cby Krishana Sharma |
||
| 260 |
_aJaipur _bM.R. International _c2010(repr.) |
||
| 270 |
_aO-16, Malviya Marg, C-Scheme _bJaipur _e302001 |
||
| 300 |
_a182,xiiip. _c22cm (Hb) |
||
| 500 | _aIncludes bibliographical references | ||
| 650 | _931639 | ||
| 700 | _931640 | ||
| 942 |
_2ddc _cEN _mSHA _h823.09 |
||
| 999 |
_c55127 _d55127 |
||